000 01019cam a22002653a 4500
001 40745
003 PGUSA
005 20140828083918.0
008 120913s2012||||xxu|||||s|||||000 i eng d
040 _aPGUSA
_beng
042 _adc
050 4 _aPG
100 1 _aDostoyevsky, Fyodor,
_d1821-1881
245 1 0 _aShort Stories
_h[electronic resource] /
_cFyodor Dostoyevsky
260 _bProject Gutenberg,
_c2012
505 0 _aAn honest thief -- A novel in nine letters -- An unpleasant predicament -- Another man's wife -- The heavenly Christmas tree -- The peasant Marey -- The crocodile -- Bobok -- The dream of a ridiculous man.
506 _aPublic domain in the USA.
516 _aElectronic text
653 _aDostoyevsky, Fyodor, 1821-1881 -- Translations into English
653 _aShort stories, Russian -- Translations into English
653 _aRussia -- Social life and customs -- Fiction
830 0 _aProject Gutenberg
_v40745
856 4 0 _uhttp://www.gutenberg.org/ebooks/40745
942 _cEB
999 _c269997
_d269997